000 00329 a2200157 4500
001 171813
020 _a
040 _cMagnum
100 _aLadeira, Julieta de Godoy
240 1 0 _aViva a republica
_lpor
245 1 0 _aViva a republica
362 0 _a1899
440 1 _aModerna
697 _aHISTORIA DO BRASIL
942 _cBK
999 _c171813
_d171813